Tax systems of Western Europe : a guide for business and the professions. (3rd ed.) (Record no. 59400)

MARC details
000 -LEADER
fixed length control field 00653nam a2200169 a 4500
008 - FIXED-LENGTH DATA ELEMENTS--GENERAL INFORMATION
fixed length control field 060316s1985 ||||||||||||||||| || u
020 ## - INTERNATIONAL STANDARD BOOK NUMBER
International Standard Book Number 0566025345
050 ## - LIBRARY OF CONGRESS CALL NUMBER
Classification number HJ 2599.5 Pla
100 ## - MAIN ENTRY--PERSONAL NAME
Personal name Platt, C. J
245 10 - TITLE STATEMENT
Title Tax systems of Western Europe : a guide for business and the professions. (3rd ed.)
250 ## - EDITION STATEMENT
Edition statement 3rd ed.
260 ## - PUBLICATION, DISTRIBUTION, ETC.
Place of publication, distribution, etc. Aldershot :
Name of publisher, distributor, etc. Gower
Date of publication, distribution, etc. 1985
300 ## - PHYSICAL DESCRIPTION
Extent xxii, 171 p.
350 ## - PRICE (NR) (BK AM CF MU VM SE) [OBSOLETE]
Price 0.00
650 ## - SUBJECT ADDED ENTRY--TOPICAL TERM
Topical term or geographic name entry element TAXATION - LAW AND LEGISLATION - EUROPE - OUTLINES, SYLLABI, etc
995 ## - RECOMMENDATION 995 [LOCAL, UNIMARC FRANCE]
-- 0.00
-- CBU-MAIN LIBRARY (Kitwe)
-- 1
-- 16.95
-- 1
-- AVAILABLE
-- Annex Low-Usage Collection
Holdings
Withdrawn status Lost status Source of classification or shelving scheme Damaged status Not for loan Home library Current library Shelving location Date acquired Total Checkouts Full call number Barcode Date last seen Price effective from Koha item type
          CBU-MAIN LIBRARY, KITWE. CBU-MAIN LIBRARY, KITWE.   11/30/2022   HJ 2599.5 Pla 008392 11/30/2022 11/30/2022 MONOGRAPH